Exame da OAB - 2® Fase - Penal

Detalles Bibliográficos
Autor principal: Mossin, Herc̀lito Antn̥io
Otros Autores: O. G. Mossin, Jl︢io Cšar
Formato: eBook
Lenguaje:portugués
Publicado: San Pablo: JH Mizuno, 2017
Edición:2® ediȯ̂
Materias:
Acceso en línea:Acceso restringido

MARC

LEADER 00000nam a22000007a 4500
005 20180301231338.0
007 cr|||| ||||
008 180301s2017 br |||||s|||| 00||0 por d
020 |a 978-85-7789-304-1 
035 |a 21038 
040 |a vLex 
090 |c 7434  |d 7434 
100 1 |a Mossin, Herc̀lito Antn̥io 
245 1 0 |a Exame da OAB - 2® Fase - Penal  |h [Recurso electrn̤ico] /  |c Herc̀lito Antn̥io Mossin, Jl︢io Cšar O. G. Mossin 
250 |a 2® ediȯ̂ 
256 |a Servicio en ln̕ea 
260 |a San Pablo:  |b JH Mizuno,  |c 2017 
300 |a 1 recurso electrn̤ico 
500 |a O objetivo primr̀io desta obra jurd̕ica ̌proporcionar a todo acadm̊ico de Direito que ir ̀prestar Exame junto ̉Ordem dos Advogados do Brasil, na r̀ea criminal, elementos de estudo capazes de prepar-̀lo para cumprir essa difc̕il missô, que ̌o ingresso nos quadros da OAB. Muito embora o conted︢o deste livro se volte mais especificamente para a 2® fase desse Exame, a verdade inconteste ̌que a forma com que a obra foi desenvolvida privilegia a r̀ea de Direito Penal, bem como a de Processo Penal, que se prestam para o estudo da 1® fase do supradito Exame. O autor da obra jurd̕ica, alm̌ de professor de Direito Penal e Processo Penal h ̀mais de trs̊ dčadas, ̌advogado militante no campo criminal h ̀mais de quatro dčadas, o que revela sua vasta experin̊cia profissional. Nô bastasse isso, ̌autor de mais de vinte obras jurd̕icas na r̀ea penal. Sem dv︢ida, tais dados sô suficientes, por si ss̤, para demonstrar e justificar a qualidade do presente manual. 
506 1 |a Disponible solo en los productos indicados  |d vLex Global  |d vLex Global (Academic Edition, excluding Law Schools)  |d vLex Global (U.S. Academic Edition, Law Schools)  |d vLex Global (U.S. Academic Edition, excluding Law Schools)  |d vLex Global (Academic Edition, Law Schools) 
650 0 4 |a Derecho Penal  |z Brasil 
650 0 4 |a Derecho Procesal  |z Brasil 
650 0 4 |a Procedimiento Penal  |z Brasil 
700 1 |a O. G. Mossin, Jl︢io Cšar 
740 0 |a vLex Libros (Servicio en ln̕ea) 
856 4 0 |u http://vlex.com/source/exame-da-oab-2-fase-penal-2-edi-o-21038  |z Acceso restringido 
942 |c BOOK 
999 0 |a Criminal Law 
999 0 |a Procedural Law 
999 0 |a Criminal Procedure